Squash Quiz Stats

 Plays Quiz Updated Dec 4, 2017

Score 0/34 Timer 07:00
0 Plays Today
% Correct
Butternut
75.2%
Pumpkin
61.2%
Yellow Summer
59.7%
Acorn
54%
Zucchini
51.5%
Spaghetti
45.6%
Pattypan or Scallop
9.5%
Hubbard
9.2%
Delicata
9%
Banana
7.9%
Buttercup
7.3%
Turban
5.9%
Kabocha
5.1%
Carnival
3.7%
Opo
3.3%
Amber
3.3%
Sweet dumpling
3%
% Correct
Gold nugget
2.7%
Calabaza
2.6%
Autumn cup
2.2%
Ambercup
2%
Red kuri
1.8%
Yellow crookneck
1.7%
Gem
1.7%
Cushaw
1.6%
Long Island cheese
1%
Arikara
0.9%
Cousa
0.9%
Mooregold
0.8%
Sugar loaf
0.8%
Georgia candy roaster
0.8%
Jarrahdale pumpkin
0.7%
Giraumon
0.6%
Rouge vif d'Estampes
0.6%

You're not logged in!

Compare scores with friends on all Sporcle quizzes.
OR
Log In

Sporcle TV

Today on Sporcle TV


Watch our educational content, quiz creation guides, and fun videos on Sporcle TV.

Show Comments

Extras

Top Quizzes Today


Score Distribution

Your Account Isn't Verified!

In order to create a playlist on Sporcle, you need to verify the email address you used during registration. Go to your Sporcle Settings to finish the process.

Report this User

Report this user for behavior that violates our Community Guidelines.

Details: